Ñeeregua ñeekuakua 8
Guardado en:
| Autores principales: | , , |
|---|---|
| Formato: | Libro |
| Lenguaje: | guaraní |
| Publicado: |
La Paz
Ministerio de Educación, Cultura y Deportes
1998
|
| Materias: | |
| Etiquetas: |
Agregar Etiqueta
Sin Etiquetas, Sea el primero en etiquetar este registro!
|
MARC
| LEADER | 00000nam a2200000 a 4500 | ||
|---|---|---|---|
| 001 | UCP6149 | ||
| 003 | CL-VaPUC | ||
| 008 | 991015e19980000BO |||||||||||||||||grn|d | ||
| 082 | 0 | 4 | |a 372.65 |b BAR |2 21 |
| 100 | 0 | |a Barrientos, José |e author |9 435025 | |
| 700 | 0 | |a Yavita, Bernabé |e author |9 435026 | |
| 700 | 0 | |a Lampo, Cecilia |e author |9 435027 | |
| 245 | 1 | 0 | |a Ñeeregua ñeekuakua 8 |
| 300 | |a 49 p | ||
| 942 | |c BK | ||
| 945 | |d 19991015 00:00:00 |a rbrito | ||
| 260 | |a La Paz |b Ministerio de Educación, Cultura y Deportes |c 1998 | ||
| 650 | 7 | |a ENSEÑANZA DEL GUARANI |2 CL-VaPUC |9 408294 | |
| 650 | 0 | |a Enseñanza de idiomas |9 339820 | |
| 583 | |a last modification |c 19991015 00:00:00 |k Rodrigo Vera | ||
| 999 | |c 283764 |d 283762 | ||
| 952 | |0 0 |1 0 |4 0 |6 372_650000000000000_BAR_1998 |7 0 |8 A |9 327208 |a BIBEDU |b BIBEDU |d 2019-11-20 |i 357010K |o 372.65 BAR 1998 |p 357010K |r 2019-11-20 |w 2019-11-20 |y BK |k EDU | ||